Search for the silver shell / (Record no. 407432)
[ view plain ]
| 000 -LEADER | |
|---|---|
| fixed length control field | 02343pam a2200553 i 4500 |
| 001 - CONTROL NUMBER | |
| control field | 2023045826 |
| 003 - CONTROL NUMBER IDENTIFIER | |
| control field | DLC |
| 005 - DATE AND TIME OF LATEST TRANSACTION | |
| control field | 20250429091435.0 |
| 008 - FIXED-LENGTH DATA ELEMENTS--GENERAL INFORMATION | |
| fixed length control field | 231116s2025 nyuab b 000 1 eng |
| 010 ## - LIBRARY OF CONGRESS CONTROL NUMBER | |
| LC control number | 2023045826 |
| 020 ## - INTERNATIONAL STANDARD BOOK NUMBER | |
| International Standard Book Number | 9781546122432 |
| Qualifying information | (library binding) |
| 020 ## - INTERNATIONAL STANDARD BOOK NUMBER | |
| International Standard Book Number | 9781546122425 |
| Qualifying information | (paperback) |
| 020 ## - INTERNATIONAL STANDARD BOOK NUMBER | |
| Cancelled/invalid ISBN | 9781546122449 |
| Qualifying information | (ebk.) |
| 035 ## - SYSTEM CONTROL NUMBER | |
| System control number | (OCoLC)1416090998 |
| 040 ## - CATALOGING SOURCE | |
| Original cataloging agency | NJQ/DLC |
| Language of cataloging | eng |
| Description conventions | rda |
| Transcribing agency | DLC |
| Modifying agency | TnLvILS |
| 042 ## - AUTHENTICATION CODE | |
| Authentication code | pcc |
| -- | cyac |
| 050 00 - LIBRARY OF CONGRESS CALL NUMBER | |
| Classification number | PZ7.1.Y37 |
| Item number | Se 2025 |
| 082 04 - DEWEY DECIMAL CLASSIFICATION NUMBER | |
| Classification number | [Fic] |
| Edition number | 23/eng/20250224 |
| 100 1# - MAIN ENTRY--PERSONAL NAME | |
| Personal name | Yardi, Robin, |
| Relator term | author. |
| 9 (RLIN) | 6064907 |
| 245 10 - TITLE STATEMENT | |
| Title | Search for the silver shell / |
| Statement of responsibility, etc | written by Robin Yardi ; illustrated by Paul Kellam. |
| 250 ## - EDITION STATEMENT | |
| Edition statement | First edition. |
| 264 #1 - Production, Publication, Distribution, Manufacture, and Copyright Notice. | |
| Place of production, publication, distribution, manufacture | New York, NY : |
| Name of producer, publisher, distributor, manufacturer | Branches/Scholastic Inc., |
| Date of production, publication, distribution, manufacture, or copyr | 2025. |
| 300 ## - PHYSICAL DESCRIPTION | |
| Extent | 85 pages : |
| Other physical details | illustrations, map ; |
| Dimensions | 21 cm. |
| 336 ## - Content Type | |
| Content type term | text |
| 336 ## - Content Type | |
| Content type term | still image |
| 337 ## - Media type | |
| Media type term | unmediated |
| 338 ## - Carrier type | |
| Carrier type term | volume |
| 490 0# - SERIES STATEMENT | |
| Series statement | Coral keepers ; |
| Volume number/sequential designation | 1 |
| 490 1# - SERIES STATEMENT | |
| Series statement | Branches |
| 500 ## - GENERAL NOTE | |
| General note | Includes questions and activities. |
| 520 ## - SUMMARY, ETC. | |
| Summary, etc | When the evil mermaid Rozaro casts a spell putting all the Coral Keepers of Anjeea, protectors of the kingdom, to sleep it is up to Princess Finn (who has so far failed her Keeper test) and her two friends to fight back--but first she must master her shark magic by overcoming her fear of sharks. |
| 521 ## - TARGET AUDIENCE NOTE | |
| Target audience note | Ages 6-8. |
| Source | Scholastic, Inc. |
| 521 ## - TARGET AUDIENCE NOTE | |
| Target audience note | Grades 2-3. |
| Source | Scholastic, Inc. |
| 650 #0 - SUBJECT ADDED ENTRY--TOPICAL TERM | |
| Topical term or geographic name as entry element | Mermaids |
| Form subdivision | Juvenile fiction. |
| 9 (RLIN) | 5674231 |
| 650 #0 - SUBJECT ADDED ENTRY--TOPICAL TERM | |
| Topical term or geographic name as entry element | Magic |
| Form subdivision | Juvenile fiction. |
| 9 (RLIN) | 5673690 |
| 650 #0 - SUBJECT ADDED ENTRY--TOPICAL TERM | |
| Topical term or geographic name as entry element | Fear of failure |
| Form subdivision | Juvenile fiction. |
| 9 (RLIN) | 6529870 |
| 650 #0 - SUBJECT ADDED ENTRY--TOPICAL TERM | |
| Topical term or geographic name as entry element | Courage |
| Form subdivision | Juvenile fiction. |
| 9 (RLIN) | 5674775 |
| 650 #0 - SUBJECT ADDED ENTRY--TOPICAL TERM | |
| Topical term or geographic name as entry element | Adventure stories. |
| 650 #1 - SUBJECT ADDED ENTRY--TOPICAL TERM | |
| Topical term or geographic name as entry element | Mermaids |
| Form subdivision | Fiction. |
| 9 (RLIN) | 5674228 |
| 650 #1 - SUBJECT ADDED ENTRY--TOPICAL TERM | |
| Topical term or geographic name as entry element | Magic |
| Form subdivision | Fiction. |
| 9 (RLIN) | 5673694 |
| 650 #1 - SUBJECT ADDED ENTRY--TOPICAL TERM | |
| Topical term or geographic name as entry element | Fear |
| Form subdivision | Fiction. |
| 9 (RLIN) | 5674590 |
| 650 #1 - SUBJECT ADDED ENTRY--TOPICAL TERM | |
| Topical term or geographic name as entry element | Courage |
| Form subdivision | Fiction. |
| 9 (RLIN) | 5675033 |
| 650 #1 - SUBJECT ADDED ENTRY--TOPICAL TERM | |
| Topical term or geographic name as entry element | Adventure and adventurers |
| Form subdivision | Fiction. |
| 9 (RLIN) | 102533 |
| 655 #7 - INDEX TERM--GENRE/FORM | |
| Genre/form data or focus term | Action and adventure fiction. |
| Source of term | lcgft |
| 655 #7 - INDEX TERM--GENRE/FORM | |
| Genre/form data or focus term | Fantasy fiction. |
| Source of term | lcgft |
| 700 1# - ADDED ENTRY--PERSONAL NAME | |
| Personal name | Kellam, Paul |
| Titles and other words associated with a name | (Illustrator), |
| Relator term | illustrator. |
| 9 (RLIN) | 6543964 |
| 776 08 - ADDITIONAL PHYSICAL FORM ENTRY | |
| Display text | Online version: |
| Main entry heading | Yardi, Robin. |
| Title | Search for the silver shell |
| Place, publisher, and date of publication | New York : Branches/Scholastic, Inc., 2025 |
| International Standard Book Number | 9781546122449 |
| Record control number | (DLC) 2023045827 |
| 830 #0 - SERIES ADDED ENTRY--UNIFORM TITLE | |
| Uniform title | Branches (Scholastic Inc.) |
| 9 (RLIN) | 5728641 |
| Withdrawn status | Lost status | Source of classification or shelving scheme | Damaged status | Not for loan | Collection code | Home library | Current library | Shelving location | Date acquired | Source of acquisition | Serial Enumeration / chronology | Total Checkouts | Total Renewals | Full call number | Barcode | Date last seen | Date checked out | Cost, replacement price | Price effective from | Koha item type |
|---|---|---|---|---|---|---|---|---|---|---|---|---|---|---|---|---|---|---|---|---|
| Dewey Decimal Classification | Junior Fiction | Wasatch County Library | Wasatch County Library | Main Floor Junior Area | 06/03/2025 | #1 Coral Keepers | 1 | 2 | J Yardi | 34301002156695 | 11/16/2025 | 07/25/2025 | 24.99 | 06/03/2025 | BOOK |
